000 00684nam a2200289Ia 4500
005 20260324112440.0
008 008 260324s9999 xx 000 0 eng d
020 _a9781003504061
037 _aEBOOK
040 _aCRL
040 _beng
040 _cCRL
041 _2eng
041 _aeng
084 _qCRL
100 _aJan Benda
_9821499
245 0 _aMindfulness and the Self
245 0 _bMindfulness-Informed Integrative Psychotherapy
260 _bTaylor and Francis
260 _c2024
365 _a
365 _b205
856 _uhttp://www.taylorfrancis.com/books/9781003504061
942 _cEBOOK
999 _c1731949
_d1731949